DNA synthesis

Đã lưu trong:
书目详细资料
主要作者: Kornberg, Arthur
格式: 图书
语言:Undetermined
出版: San Francisco W. H. Freeman and Company 1974
主题:
标签: 添加标签
没有标签, 成为第一个标记此记录!
Thư viện lưu trữ: Trung tâm Học liệu Trường Đại học Cần Thơ
LEADER 00462nam a2200169Ia 4500
001 CTU_78611
008 210402s9999 xx 000 0 und d
082 |a 572.86 
082 |b K84 
100 |a Kornberg, Arthur 
245 0 |a DNA synthesis 
245 0 |c Arthur Kornberg 
260 |a San Francisco 
260 |b W. H. Freeman and Company 
260 |c 1974 
650 |a DNA biosynthesis,DNA synthesis 
980 |a Trung tâm Học liệu Trường Đại học Cần Thơ